Statistics for Countries Not Bordering a Country Ending in A

Click here to take the quiz!

General Stats

  • This quiz has been taken 67 times
  • The average score is 16 of 26

Answer Stats

#Country% Correct
1Ireland
85%
1Portugal
85%
2Sweden
85%
1United Kingdom
85%
1Denmark
81%
1Dominican Republic
76%
1Haiti
76%
3Luxembourg
76%
2Netherlands
76%
1San Marino
76%
4Belgium
74%
1Vatican City
74%
5Uzbekistan
67%
4Turkmenistan
65%
1Monaco
63%
1Canada
61%
1Gambia
59%
2Andorra
56%
2Equatorial Guinea
43%
3Ghana
41%
7Saudi Arabia
39%
3Cambodia
37%
4Guatemala
35%
6Central African Republic
33%
4Nigeria
33%
5Syria
28%

Score Distribution

Percentile by Number Answered

Percent of People with Each Score

Your Score History

You have not taken this quiz